রক্তের দাগ মুছে রবীন্দ্রপাঠ /

Bibliographic Details
Main Author: মজহার, ফরহাদ
Format: Book
Language:Bengali
Published: ঢাকা : আগামী প্রকাশনী, ২০০৮ [তৃতীয় মুদ্রণ ২০২১].
Subjects:
Classic Catalogue: View this record in Classic Catalogue
LEADER 01971nam a22003017a 4500
001 44888
003 BD-DhAAL
005 20251005162236.0
008 250924r20212008bg ||||| |||| 00| 0 ben d
020 |a 9789840427642 
040 |a BD-DhAAL  |c BD-DhAAL 
041 |a ben 
082 |a 891.44  |2 23 
100 |a মজহার, ফরহাদ.  |9 59399 
245 |a রক্তের দাগ মুছে রবীন্দ্রপাঠ /  |c ফরহাদ মজহার. 
246 |a Rakter daag muche rabindrapath 
246 |a A collection of essys on rabindranath thakur 
260 |a ঢাকা :  |b আগামী প্রকাশনী,  |c ২০০৮ [তৃতীয় মুদ্রণ ২০২১]. 
300 |a ৭২ পৃষ্ঠা ;   |c ২২ সে.মি. 
526 |a RS (GenEd)   |x Tahseen H. Ali, PhD Assistant Professor and Assistant Dean, RS School of General Education BRAC University Course Name : Emergence of Bangladesh (EMB 101)  
541 |a Hye Trade International   |e 44888, 44889 
600 |a Tagore, Rabindranath,  |d 1861-1941. 
650 |a Bengali literature. 
852 |a Ayesha Abed Library  |c General Stacks 
942 |2 ddc  |c BK 
999 |c 47574  |d 47574 
952 |0 0  |1 0  |2 ddc  |4 0  |6 891_440000000000000_MAZ  |7 0  |9 78292  |a SCL  |b SCL  |c GEN  |d 2025-09-23  |e Hye Trade International  |g 154.00  |l 1  |o 891.44 MAZ  |p 3020044889  |q 2026-08-23  |r 2026-04-23  |s 2026-04-23  |t 2  |v 308.00  |w 2025-09-23  |y BK  |x Requisitioned by Tahseen H. Ali, PhD (Assistant Professor and Assistant Dean, RS School of General Education, BRAC University) for the course named- "Emergence of Bangladesh (EMB 101)" 
952 |0 0  |1 0  |2 ddc  |4 0  |6 891_440000000000000_MAZ  |7 0  |9 78293  |a SCL  |b SCL  |c GEN  |d 2025-09-23  |e Hye Trade International  |g 154.00  |l 0  |o 891.44 MAZ  |p 3020044888  |r 2025-09-23  |t 1  |v 308.00  |w 2025-09-23  |y BK  |x Requisitioned by Tahseen H. Ali, PhD (Assistant Professor and Assistant Dean, RS School of General Education, BRAC University) for the course named- "Emergence of Bangladesh (EMB 101)"